The second assessment of the socio-economic status of women in Somaliland / (Record no. 46386)

MARC details
000 -LEADER
fixed length control field 01106cam a22002657a 4500
001 - CONTROL NUMBER
control field 15387856
005 - DATE AND TIME OF LATEST TRANSACTION
control field 20190404113859.0
008 - FIXED-LENGTH DATA ELEMENTS--GENERAL INFORMATION
fixed length control field 080730s2008 so a b 000 0 eng
010 ## - LIBRARY OF CONGRESS CONTROL NUMBER
LC control number 2008349918
040 ## - CATALOGING SOURCE
Original cataloging agency DLC
Transcribing agency DLC
Modifying agency DLC
042 ## - AUTHENTICATION CODE
Authentication code lcode
043 ## - GEOGRAPHIC AREA CODE
Geographic area code f-so---
050 00 - LIBRARY OF CONGRESS CALL NUMBER
Classification number HQ1795
Item number .K56 2008
100 1# - MAIN ENTRY--PERSONAL NAME
Personal name Kinyanjui, Mary.
245 14 - TITLE STATEMENT
Title The second assessment of the socio-economic status of women in Somaliland /
Statement of responsibility, etc by Mary Kinyanjui.
260 ## - PUBLICATION, DISTRIBUTION, ETC. (IMPRINT)
Place of publication, distribution, etc Hargeisa, Somaliland :
Name of publisher, distributor, etc Nagaad Umbrella Organisation,
Date of publication, distribution, etc c2008.
300 ## - PHYSICAL DESCRIPTION
Extent 50 p. :
Other physical details col. ill. ;
Dimensions 25 cm.
504 ## - BIBLIOGRAPHY, ETC. NOTE
Bibliography, etc Includes bibliographical references (p. 50).
650 #0 - SUBJECT ADDED ENTRY--TOPICAL TERM
Topical term or geographic name as entry element Women
Geographic subdivision Somaliland (Secessionist government, 1991- )
General subdivision Social conditions.
650 #0 - SUBJECT ADDED ENTRY--TOPICAL TERM
Topical term or geographic name as entry element Women
Geographic subdivision Somaliland (Secessionist government, 1991- )
General subdivision Economic conditions.
856 41 - ELECTRONIC LOCATION AND ACCESS
Materials specified Table of contents only
Uniform Resource Identifier <a href="http://www.loc.gov/catdir/toc/fy1002/2008349918.html">http://www.loc.gov/catdir/toc/fy1002/2008349918.html</a>
906 ## - LOCAL DATA ELEMENT F, LDF (RLIN)
a 7
b cbc
c origode
d 3
e ncip
f 20
g y-gencatlg
942 ## - ADDED ENTRY ELEMENTS (KOHA)
Source of classification or shelving scheme Library of Congress Classification
Item type Book
Holdings
Withdrawn status Lost status Source of classification or shelving scheme Damaged status Not for loan Collection code Home library Current library Shelving location Date acquired Source of acquisition Total Checkouts Full call number Barcode Copy number Price effective from Koha item type
    Library of Congress Classification     Non-fiction Bishop Okullu Memorial Library (Limuru Campus) Bishop Okullu Memorial Library (Limuru Campus) Special Collection 03/05/2016 Donation   SPEHQ1795 .K56 2008 046516 1 03/05/2016 Book
    Library of Congress Classification     Non-fiction Bishop Okullu Memorial Library (Limuru Campus) Bishop Okullu Memorial Library (Limuru Campus) General Circulation 03/05/2016 Donation   HQ1795 .K56 2008 046517 2 03/05/2016 Book
    Library of Congress Classification     Non-fiction Bishop Okullu Memorial Library (Limuru Campus) Bishop Okullu Memorial Library (Limuru Campus) General Circulation 03/05/2016 Donation   HQ1795 .K56 2008 046518 3 03/05/2016 Book